Appraisal principles and procedures (Record no. 94487)

MARC details
000 -LEADER
fixed length control field 00442cam a2200181 4500
001 - CONTROL NUMBER
control field D1174
008 - FIXED-LENGTH DATA ELEMENTS--GENERAL INFORMATION
fixed length control field 090401t1968 xxu||||| |||| 00| 0 eng d
035 ## - SYSTEM CONTROL NUMBER
System control number (Sirsi) u62840
041 ## - LANGUAGE CODE
Language code of text/sound track or separate title eng
050 ## - LIBRARY OF CONGRESS CALL NUMBER
Classification number 333.3320973
100 ## - MAIN ENTRY--PERSONAL NAME
Personal name Babcock, Henry A
245 ## - TITLE STATEMENT
Title Appraisal principles and procedures
260 ## - PUBLICATION, DISTRIBUTION, ETC.
Place of publication, distribution, etc. Honewood, Illinois
Name of publisher, distributor, etc. Richard P.Irwin Inc
Date of publication, distribution, etc. 1968
300 ## - PHYSICAL DESCRIPTION
Extent xxvi. 289p
350 ## - PRICE (NR) (BK AM CF MU VM SE) [OBSOLETE]
Price 0
942 ## - ADDED ENTRY ELEMENTS (KOHA)
Suppress in OPAC 0
948 ## - LOCAL PROCESSING INFORMATION (OCLC); SERIES PART DESIGNATOR (RLIN)
c (OCLC) 04/03/1997
Holdings
Withdrawn status Lost status Source of classification or shelving scheme Damaged status Not for loan Home library Current library Shelving location Date acquired Total Checkouts Full call number Barcode Date last seen Copy number Price effective from Koha item type
    Dewey Decimal Classification     London London Basement 14/09/1999   SHELF 311 30008466 06/08/2019 1 06/08/2019 Book